| 000 | 00677nam a2200205 a 4500 | ||
|---|---|---|---|
| 001 | 85222 | ||
| 003 | BD-RjUL | ||
| 005 | 20250716124119.0 | ||
| 008 | 250716s1954 pk ||||| |||| 00| 0 urd d | ||
| 035 | _a(BD-RjUL)85222 | ||
| 040 |
_aBD-RjUL _beng _cBD-RjUL |
||
| 041 | _aurd | ||
| 082 |
_223 _a891.4392 _bKAA 1954 |
||
| 100 |
_a کاشميرى ، آغا حشر ;; kashmiri, agha hashar _916067 |
||
| 245 | 1 | 0 |
_aاسير حرص : ڈرامه / Asīr-i ḥirṣ : ḍrāmah / _c آغا محمد شاہ حشر کاشمیری ،;; Agha Muhammad Shah Hashar Kashmiri, |
| 260 |
_aLahore : _bUrdu Makaj, _c1954 |
||
| 300 |
_a70 p. ; _c17 cm |
||
| 650 | _aUrdu Drama | ||
| 942 |
_2ddc _cBK |
||
| 999 |
_c85222 _d85222 |
||